000 00217 a2200097 4500
001 12732
100 _aSultan Khan
245 _aPakistan,Past, Present and Future
260 _a
_bFamous Books
_c
090 _c9731
_d9731
942 _aNUST-CAE
_cM
_c36635
999 _c247805
_d247805